Macroeconomics

Αποθηκεύτηκε σε:
Λεπτομέρειες βιβλιογραφικής εγγραφής
Κύριος συγγραφέας: Farmer, Roger E. A.
Μορφή: Βιβλίο
Γλώσσα:English
Δημοσίευση: Cincinnati : South-Western College Publishing, 1999
Θέματα:
Ετικέτες: Προσθήκη ετικέτας
Δεν υπάρχουν, Καταχωρήστε ετικέτα πρώτοι!

MARC

LEADER 00000cam a2200000 i 4500
001 1/14889
008 001215s1999 eng d
020 |a 0-538-84581-3 
035 |l 10065174 
040 |a GR-MY-UA  |b gre  |e aacr 
041 0 |a eng 
082 0 |a 339 
100 1 |a Farmer, Roger E. A. 
245 1 0 |a Macroeconomics /  |c Roger E. A. Farmer 
260 |a Cincinnati :   |b South-Western College Publishing,   |c 1999 
300 |a xxvi, 386 p. 
504 |a Includes index 
650 0 0 |a Macroeconomics. 
852 |a INST  |b CHIOS  |e 20001215  |h 339 FAR  |p 005200016668  |q 005200016668  |t BK  |y 0 
901 |a BIBL2-2000-3 
909 |a Χ  |b 083167 
970 |a ΣΠΕΝΤΖΑ  |b ΕΛΕΝΗ  |z 2000/12/15